100 Πιο Πολυπληθείς Πόλεις της Κύπρου με Χάρτη - Statistics

General Stats
  • This quiz has been taken 4 times
  • The average score is 15 of 100
Answers on the Map
Answers color-coded by a green-red scale on the quiz's map according to % correct below.
 
Answer Stats
Πληθυσμός Πόλη % Correct
108.315 Λευκωσία
100%
107.970 Λεμεσός
100%
52.046 Λάρνακα
100%
37.991 Πάφος
100%
37.868 Αμμόχωστος
75%
22.932 Αραδίππου
75%
19.037 Παραλίμνι
75%
4.716 Αγία Νάπα
75%
70.823 Στρόβολος
50%
43.111 Λακατάμια
50%
22.148 Κερύνεια
50%
7.251 Μόρφου
50%
6.229 Δερύνεια
50%
3.058 Τρίκωμο
50%
3.009 Λεύκα
50%
2.016 Ριζοκάρπασο
50%
21.544 Αγλαντζιά
25%
2.645 | 20.504 Έγκωμη
25%
8.579 Γεροσκήπου
25%
6.945 Πέγεια
25%
6.422 Χλώρακα
25%
5.595 Καραβάς
25%
5.505 Έμπα
25%
5.110 Άγιος Επίκτητος
25%
3.159 Ερήμη
25%
3.100 Τάλα
25%
3.066 Κάτω Πύργος
25%
2.570 Πόλη Χρυσοχούς
25%
2.535 Καραβοστάσι
25%
2.292 Κισσόνεργα
25%
2.182 Άχνα
25%
1.856 Μεσόγη
25%
23.174 Κάτω Πολεμίδια
0%
18.587 Λατσιά
0%
17.329 Γερμασόγεια
0%
17.045 Κιόνελι
0%
16.520 Άγιος Αθανάσιος
0%
15.925 Μέσα Γειτονιά
0%
13.966 Ύψωνας
0%
12.906 Άγιος Δομέτιος
0%
12.350 Δάλι
0%
9.706 Γέρι
0%
8.581 Λιβάδια
0%
8.304 Τσέρι
0%
7.575 Ορόκλινη
0%
6.838 Δρομολαξιά-Μενεού
0%
6.625 Ξυλοφάγου
0%
6.482 Κολόσσι
0%
5.905 Σωτήρα
0%
5.748 Λάπηθος
0%
5.338 Μάνδρες Λευκωσίας
0%
5.202 Αθηένου
0%
5.136 Κίτι
0%
4.925 Αυγόρου
0%
4.908 Λιοπέτρι
0%
4.817 Κοκκινοτριμιθιά
0%
4.549 Τραχώνι
0%
4.515 Φρέναρος
0%
4.502 Άγιος Τύχων
0%
4.447 Παλαιομέτοχο
0%
4.212 Ορμήδεια
0%
4.204 Μιά Μηλιά
0%
4.098 Επισκοπή
0%
3.869 Πύλα
0%
3.784 Ξυλοτύμπου
0%
3.745 Άγιος Γεώργιος Κερύνειας
0%
3.553 Κάτω Δίκωμο
0%
3.492 Παρεκλησιά
0%
3.419 Πάνω Πολεμίδια
0%
3.347 Άγιος Σέργιος
0%
3.292 Περιβόλια
0%
3.284 Κυθρέα
0%
3.239 Μουτταγιάκα
0%
3.124 Λυθροδόντας
0%
3.104 Ακάκι
0%
3.070 Καζάφανι
0%
3.007 Πάνω Δευτερά
0%
3.002 Πέρα Χωριό
0%
2.911 Λύμπια
0%
2.866 Αγία Βαρβάρα
0%
2.777 Γερόλακκος
0%
2.754 Κονιά
0%
2.471 Λύση
0%
2.305 Καλό Χωριό Καπούτη
0%
2.237 Περιστερώνα
0%
2.192 Αστρομερίτης
0%
2.132 Κάτω Δευτερά
0%
2.132 Νήσου
0%
2.129 Βατιλή
0%
2.107 Παλώδια
0%
2.081 Κόρνος
0%
2.047 Πισσούρι
0%
2.036 Αγίοι Τριμιθιάς
0%
1.950 Εργάτες
0%
1.914 Ψιμολόφου
0%
1.907 Μάμμαρι
0%
1.901 Αχερίτου
0%
1.884 Κλήρου
0%
2.091 Bασίλεια
0%
No matching quizzes found
Score Distribution
Percent of People with Each Score
Percentile by Number Answered
Your Score History
You have not taken this quiz